|
|
|
|
| LEADER |
00000nab a2200000 ar4500 |
| 001 |
vtls008990823 |
| 003 |
SK-MaSNL |
| 005 |
20260318125038.0 |
| 008 |
070413c20070324xo |||||||| 000 b|hun |
| 015 |
|
|
|a SNBRB2007/04
|2 snkbucl
|
| 038 |
|
|
|a SNKBUCL
|
| 040 |
|
|
|a DSZK
|b slo
|c DSZK
|e AACR2
|
| 041 |
0 |
|
|a hun
|
| 044 |
|
|
|a xo
|c SK
|
| 080 |
|
|
|2 1997
|
| 080 |
|
|
|a 371
|x (=511.141)
|x (437.6)
|x (091)
|2 1997
|
| 080 |
|
|
|a 929
|x (=511.141)
|x (437.6)
|2 1997
|
| 100 |
1 |
|
|a Bodnár, Gyula,
|d 1948-
|4 aut
|9 100698
|
| 245 |
1 |
0 |
|a Vallomások könyve - egykori iskolákról, tanítókról
|b soha korábban nem tapasztalt méretekben érzékelhető, érezhető az iskolával és a pedagógussal szemben tanúsított ellenszenv ...
|c Bodnár Gyula
|
| 300 |
|
|
|b Fotogr.
|
| 500 |
|
|
|a Gyula Bodnár je zostavovateľom prezentovanej publikácie
|
| 500 |
|
|
|a Prednesené v Literárnej kaviarni Vámbéry, Dunajská Streda, 15.3.2007
|
| 600 |
1 |
7 |
|a Bodnár, Gyula,
|d 1948-
|t Alma mater
|2 snkbucl
|9 100136
|
| 650 |
0 |
7 |
|a školstvo
|z Slovensko
|2 snkbucl
|9 305566
|
| 650 |
0 |
7 |
|a maďarské osobnosti
|z Slovensko
|x študentské roky
|x spomienky
|2 snkbucl
|9 1266731
|
| 650 |
0 |
7 |
|a osobnosti
|2 snkbucl
|9 29820
|
| 650 |
0 |
7 |
|a prezentácia
|2 snkbucl
|9 428364
|
| 773 |
0 |
|
|t Új szó
|g Évf. 60, sz. 70 (24.3.2007), o. 15
|
| 773 |
0 |
8 |
|i Mell.:
|t Szalon
|g Évf. 1, sz. 11 (2007)
|
| 852 |
|
|
|a SNK
|b KIS3GCP
|
| 852 |
|
|
|a DSZK
|b KIS3GCP
|
| 958 |
|
|
|a HU
|
| 958 |
|
|
|a SK
|
| 999 |
|
|
|c 2267430
|d 2269360
|